Study on natural regeneration and damage forest post-harvesting of dipterocapaceae in i-4coupe of coloexim concession in kompong thom province, សិក្សាពីការបន្តពូជដោយធម្មជាតិ និងការខូចខាត់ព្រៃក្រោយអាជីចកម្មចំពោះគ្រួសារ dipterocaeae ក្នុងព្រៃគុប i-៤ នៃព្រៃសម្បាទានសហគ្រាសកូឡិចស៊ីមក្នុងខេត្តកំពង់ធំ (Record no. 3168)
[ view plain ]
| 000 -LEADER | |
|---|---|
| fixed length control field | 00922nam a22001577a 4500 |
| 003 - CONTROL NUMBER IDENTIFIER | |
| control field | OSt |
| 005 - DATE AND TIME OF LATEST TRANSACTION | |
| control field | 20151105143642.0 |
| 008 - FIXED-LENGTH DATA ELEMENTS--GENERAL INFORMATION | |
| fixed length control field | 151105b xxu||||| |||| 00| 0 eng d |
| 040 ## - CATALOGING SOURCE | |
| Transcribing agency | RUA |
| 082 ## - DEWEY DECIMAL CLASSIFICATION NUMBER | |
| Classification number | FOR KON 1999 B125 Or.1 |
| 100 ## - MAIN ENTRY--PERSONAL NAME | |
| 9 (RLIN) | 3396 |
| Personal name | KONG, CHAMROEUN. |
| 245 ## - TITLE STATEMENT | |
| Title | Study on natural regeneration and damage forest post-harvesting of dipterocapaceae in i-4coupe of coloexim concession in kompong thom province, សិក្សាពីការបន្តពូជដោយធម្មជាតិ និងការខូចខាត់ព្រៃក្រោយអាជីចកម្មចំពោះគ្រួសារ dipterocaeae ក្នុងព្រៃគុប i-៤ នៃព្រៃសម្បាទានសហគ្រាសកូឡិចស៊ីមក្នុងខេត្តកំពង់ធំ |
| 260 ## - PUBLICATION, DISTRIBUTION, ETC. (IMPRINT) | |
| Place of publication, distribution, etc. | Phnom Penh |
| Name of publisher, distributor, etc. | RUA |
| Date of publication, distribution, etc. | 1999 |
| 300 ## - PHYSICAL DESCRIPTION | |
| Extent | 69p. |
| Other physical details | ill. |
| Dimensions | 29cm. |
| 942 ## - ADDED ENTRY ELEMENTS (KOHA) | |
| Source of classification or shelving scheme | |
| Koha item type | FOR |
| Price effective from | Date last seen | Permanent Location | Not for loan | Date acquired | Source of classification or shelving scheme | Koha item type | Barcode | Lost status | Damaged status | Shelving location | Withdrawn status | Current Location | Full call number |
|---|---|---|---|---|---|---|---|---|---|---|---|---|---|
| 2015-11-05 | 2015-11-05 | Library Block B | 2015-11-05 | FOR | RUA026776 | B125 | Library Block B | FOR KON 1999 B125 Or.1 | |||||
| 2015-11-05 | 2015-11-05 | Library Block B | 2015-11-05 | FOR | RUA026848 | B125 | Library Block B | FOR KON 1999 B125 Or.2 | |||||
| 2015-11-05 | 2015-11-05 | Library Block B | 2015-11-05 | FOR | RUA026926 | B125 | Library Block B | FOR KON 1999 B125 Or.3 | |||||
| 2015-11-05 | 2015-11-05 | Library Block B | 2015-11-05 | FOR | RUA026998 | B125 | Library Block B | FOR KON 1999 B125 Or.4 | |||||
| 2015-11-05 | 2015-11-05 | Library Block B | 2015-11-05 | FOR | RUA026559 | B125 | Library Block B | FOR KON 1999 B125 Or.5 | |||||
| 2015-11-05 | 2015-11-05 | Library Block B | 2015-11-05 | FOR | RUA027509 | B125 | Library Block B | FOR KON 1999 B125 Or.6 |